MDQL
is popping MORE tags! Check the
thread
!
Quizzes
Events
Quiz Creation
Community
Videos
Private Events
Remove Ads
Sign In
Join for FREE
Feedback
Dark Mode
Quiz Categories
Sports
Geography
Music
Movies
Television
Just For Fun
Miscellaneous
History
Literature
Language
Science
Gaming
Entertainment
Religion
Holiday
For Kids
Quiz Lab
Recent
Popular Today
Quiz Kudos Today
Editor Picks
Curator Picks
Quizzes by...
Day
Popularity
Type
Ratings
Length
Year
Community
Subscriptions
Recent Discussions
Orange Saloon
Badges
Playlists
Quests
Create
Leaderboards
Showdown
Live 5
Trivia Bingo
Activity
Puzzle Library
Sporcle Events
Private Events
Virtual Trivia
Globe League
Become a Host
Pub Owners
SporcleCon
Opinionation
Our Games
Videos
Blog
Mobile Apps
Partnerships
Remove Ads and Go Orange
Feedback
Geography
Country
Landmarks
City
State
Population
World
Capital
Continent
Flags
Europe
Africa
Asia
South America
North America
Oceania
Border
Canada
United Kingdom
Topography
United States
Geography
Country
Landmarks
City
State
Population
World
Capital
Continent
Flags
Europe
Africa
Asia
South America
North America
Oceania
Border
Canada
United Kingdom
Topography
United States
Random Quiz
Search Sporcle
×
Quiz Lab
Quiz Lab
Geography
State
Type in answers that appear in a list
Type in answers that appear in a list
Classic
Best Score? Go Orange.
Counties of Mississippi Stats
Can you name the Counties of Mississippi?
By
Morbo
10m
82 Questions
1,950 Plays
1,950 Plays
1,950 Plays
Comments
Comments
Give Quiz Kudos
Give Quiz Kudos
-
- Ratings
hide this ad
Replay
Link that replays current quiz
Next Quiz
Link to next quiz in quiz playlist
You Got
0%
They Got
Avg Score
75%
Avg Friend Score
Upgrade to see
Score Distribution
Jump to the score distribution portion of the page
Score
0/82
Timer
10:00
0
Plays Today
% Correct
Jackson
94.1%
Adams
91.7%
Jefferson
91.5%
Washington
89.5%
Madison
89.1%
Hinds
88.5%
Harrison
87.6%
Lee
87.2%
Jefferson Davis
86.1%
Yazoo
85.5%
Rankin
83.6%
DeSoto
83%
Lincoln
82.6%
Alcorn
82%
Warren
81.2%
Hancock
81%
Jones
80.6%
Lafayette
80.4%
Monroe
80.3%
Clay
79.9%
Pike
79.5%
Greene
79.1%
Pearl River
79%
Forrest
78.6%
Choctaw
78.2%
Franklin
77.5%
Lauderdale
77.3%
Sunflower
77%
% Correct
Union
77%
Oktibbeha
76.9%
Benton
76.3%
Amite
76.1%
Issaquena
76%
Yalobusha
75.3%
Tishomingo
74.9%
Bolivar
74.7%
Jasper
74.7%
Chickasaw
74.6%
Itawamba
74.6%
Holmes
74.2%
Wayne
73.8%
Clarke
73.7%
Lamar
73.5%
Tunica
73.5%
Calhoun
72.9%
Attala
72.9%
Lowndes
72.3%
Smith
72.2%
Leflore
72.1%
Newton
72.1%
Webster
71.9%
Kemper
71.7%
Panola
71.6%
George
71.5%
Neshoba
71.4%
Stone
71.4%
% Correct
Scott
70.8%
Marshall
70.8%
Sharkey
70.6%
Copiah
70.4%
Noxubee
70.2%
Tate
69.9%
Pontotoc
69.4%
Quitman
69.2%
Coahoma
68.9%
Grenada
68.6%
Montgomery
68.6%
Prentiss
68.5%
Simpson
68.5%
Leake
68.4%
Marion
68.4%
Perry
68.3%
Lawrence
67.4%
Winston
67.3%
Claiborne
67.1%
Wilkinson
66.7%
Tallahatchie
66.1%
Walthall
65.9%
Tippah
65.7%
Carroll
65.3%
Humphreys
64.8%
Covington
61.6%
Quiz Playlist
Details
Report
Send in Message
Add To Playlist
Classic:
Type in answers that appear in a list
Quiz Source
Last Updated: Feb 16, 2017
Quiz Scoreboard
CHALLENGE
Sign Up to Join the Scoreboard
Show All
Scores
Hide
Comments
May contain spoilers
Recently Published
5x2 Blitz: Bands
by SL_Kpop136
Music
30s
Colored Red Africa Blitz
by spor1
Geography
30s
Find the 'City' Movie
by crazypaving
Movies
60s
More to Explore
Quiz From the Vault
Featured Blog Post
14 Easter Pick-up Lines to Find Eggs With
hide this ad
You Might Also Like...
Tags
State Quiz
counties
mississippi
Today's Top Quizzes in Geography
Browse Geography
hide this ad
Today's Top Quizzes in State
Browse State
Top Contributed Quizzes in Geography
1
Countries of the World - No Outlines Minefield
2
Colored Red Europe Blitz I
3
Colored Red Africa Blitz II
4
Colored Red Europe Blitz II
5
Colored Red Africa Blitz III
6
Colored Red Europe Blitz III
7
African Flag Reveal XLVI
8
Colored Red States Blitz I
9
Colored Red States Blitz II
10
Colored Red States Blitz III
Explore More
Trending Topics
Marvel
Kpop
Disney
Harry Potter
Crossword
NBA
Anime
WWE
Song
Puzzle
Country
The Office
NFL
Soccer
Pokémon
hide this ad
More By:
Morbo
Quiz
Plays
Rating
Category
Featured
Created
Mississippi Cities
5,048
4.63
Geography
Oct 27, 2009
Counties of Mississippi
1,950
4.00
Geography
Nov 15, 2009
Total Major WWE Championships
1,889
4.40
Sports
Mar 1, 2016
Don't Take This Quiz!
1,634
3.30
Miscellaneous
Dec 18, 2010
SEC Football Coaches 1980-2010
533
4.50
Sports
Oct 6, 2009
Go to Creator's Profile
Score Distribution
Quiz Creator Spotlight
Morbo
Follow
Send a Message
Quizzes Created
-
Created Quiz Play Count
-
More By This Creator
Popular Quizzes Today
1
Colored Red Africa Blitz
2
Find the 'City' Movie
3
Find the US States - No Outlines Minefield
4
5x2 Blitz: Bands
5
The Countries of the World
6
Find the US States
7
US States
8
9x9 Crossword: Cartoon Network
More Geography Quizzes
Find the European Flags
Published
Trending Quizzes
Colored Red Europe Blitz I
Colored Red Europe Blitz II
Colored Red Africa Blitz II
Colored Red Europe Blitz III
Colored Red Africa Blitz III
Recently Updated
How Do You Spell That?
pecheneg
Godzilla Movies
pecheneg
Grab Bag: 4-10 Letters
pecheneg
2024 March Madness Bracket
pecheneg
Famous TV Couples
Peacemaker
Champions League XIs: Real Madrid
pecheneg
Largest US Cities 1790-2010
pecheneg
Rides in Walt Disney World
pecheneg
Most Oscar Losses (Acting)
pecheneg
Beyoncé Albums
pecheneg
Trending Topics
Kpop
Crossword
Anime
NBA
Disney
Marvel
Harry Potter
Song
NFL
WWE
Soccer
Country
Puzzle
Pokémon
The Office
Your Account Isn't Verified!
In order to create a playlist on Sporcle, you need to verify the email address you used during registration. Go to your
Sporcle Settings
to finish the process.
Report this User
Report this user for behavior that violates our
Community Guidelines
.
Details:
Send Report
Go to the Sporcle.com Mobile Site →
Comments